|
|
|
|
| LEADER |
00000nam a2200000 i 4500 |
| 001 |
DIGUAZUAY0125 |
| 003 |
NyNyDIG |
| 007 |
cr ||||||||||| |
| 008 |
251211s2021 ec o ob 000 0 spa d |
| 006 |
m o d |
| 035 |
|
|
|a (OCoLC)1564457342
|
| 040 |
|
|
|a DGITA
|b eng
|e rda
|e pn
|c DGITA
|
| 020 |
|
|
|a 9789942847386
|q eBook
|
| 020 |
|
|
|z 9789942847379
|
| 043 |
|
|
|a s-ec---
|
| 050 |
1 |
4 |
|a LE46.A8 ebook
|
| 245 |
0 |
0 |
|a Facultad de Ciencia y Tecnología :
|b conmemoración en sus 40 años de creación /
|c colaboradores, Jacinto Guillén García [and 5 others].
|
| 246 |
3 |
|
|a 40 años Facultad de Ciencia y Tecnología
|
| 246 |
3 |
|
|a Cuarenta años Facultad de Ciencia y Tecnología
|
| 264 |
|
1 |
|a Cuenca, Ecuador :
|b Universidad del Azuay, Casa Editora,
|c [2021]
|
| 300 |
|
|
|a 1 online resource :
|b photographs.
|
| 336 |
|
|
|a text
|b txt
|2 rdacontent
|
| 337 |
|
|
|a computer
|b c
|2 rdamedia
|
| 338 |
|
|
|a online resource
|b cr
|2 rdacarrier
|
| 347 |
|
|
|a text file
|2 rdaft
|
| 347 |
|
|
|b PDF
|
| 504 |
|
|
|a Includes bibliographical references.
|
| 588 |
0 |
|
|a Online resource; title from PDF title page (Digitalia, viewed December 11, 2025)
|
| 610 |
2 |
0 |
|a Universidad del Azuay.
|b Facultad de Ciencia y Tecnología
|x History.
|
| 700 |
1 |
|
|a Guillén García, Jacinto,
|e author.
|
| 791 |
2 |
|
|a Digitalia (Firm),
|e distributor.
|
| 793 |
0 |
|
|g Digitalia eBook Collection:
|a Universidad del Azuay
|
| 776 |
0 |
8 |
|i Print version:
|t Facultad de Ciencia y Tecnología.
|d Cuenca, Ecuador : Universidad del Azuay, Casa Editora, [2021]
|z 9789942847379
|
| 856 |
4 |
0 |
|3 Digitalia Hispánica
|u https://www.digitaliapublishing.com/a/133509/
|
| 910 |
|
|
|a Premium collection: 2025
|